Welche Länder sind in Emojis versteckt? 🌍🔍 - Statistiken

Allgemein
  • Dieses Quiz wurde 135 mal gespielt
  • Das Durchschnittsergebnis liegt bei 14 aus 15
Antwortstatistiken
Hint Antwort % Korrekt
🍺🏰🇩🇪 Deutschland
100%
🗼🥖🇫🇷 Frankreich
100%
🍕🎨🇮🇹 Italien
100%
🍣🗻🇯🇵 Japan
100%
🐨🌏🇦🇺 Australien
99%
🗽🍔🇺🇸 Vereinigte Staaten
98%
🐉🥡🇨🇳 China
97%
🍁🏒🇨🇦 Kanada
97%
🧅💂‍♂️🇬🇧 Vereinigtes Königreich
96%
🌮🎉🇲🇽 Mexiko
95%
🦅🌲🇷🇺 Russland
93%
🐫🏜️🇪🇬 Ägypten
90%
🕌🥘🇹🇷 Türkei
90%
🕌🍢🇸🇦 Saudi-Arabien
81%
🦁🌍🇿🇦 Südafrika
73%
Keine übereinstimmenden Quizze gefunden
Verteilung der Resultate
Anzahl Personen mit jedem Resultat
Perzentil nach korrekt beantworteten Fragen
Ihre Resultats-Entwicklung
Sie haben dieses Quiz noch nicht gespielt